The idea of Pakistan / (Record no. 4467)

MARC details
000 -LEADER
fixed length control field 00481 a2200169 4500
010 ## - LCCN (DPL NO)
LC control number ENG-86372
020 ## - INTERNATIONAL STANDARD BOOK NUMBER
International Standard Book Number 9780195683660
Terms of availability 250.00
035 ## - SYSTEM CONTROL NUMBER
System control number EN-69905
037 ## - SOURCE OF ACQUISITION
Source of stock number/acquisition DBAD / PUB
082 14 - DEWEY DECIMAL CLASSIFICATION NUMBER
Classification number 954.7
100 ## - MAIN ENTRY--PERSONAL NAME
Personal name Cohen, Stephen Philip
245 1# - TITLE STATEMENT
Title The idea of Pakistan /
Statement of responsibility, etc by Stephen Philip Cohen
260 ## - PUBLICATION, DISTRIBUTION, ETC. (IMPRINT)
Place of publication, distribution, etc New Delhi
Name of publisher, distributor, etc Oxford University Press
Date of publication, distribution, etc 2006
300 ## - PHYSICAL DESCRIPTION
Extent ix, 382p.
Dimensions 22cm (Pbk)
500 ## - GENERAL NOTE
General note Includes index
942 ## - ADDED ENTRY ELEMENTS (KOHA)
Institution code [OBSOLETE] dpl
Item type English Books
Source of classification or shelving scheme Dewey Decimal Classification
Classification part 954.7
Call number suffix COH
Holdings
Withdrawn status Lost status Not for loan Collection code Home library Current library Source of acquisition Cost, normal purchase price Full call number Barcode Copy number Cost, replacement price Koha item type
    Not For Loan Non-fiction D.B.Act.Division D.B.Act.Division DBAD/PUB 250.00 954.7 COH EN-69905 1 250.00 English Books

© Delhi Public Library
Hit Counter
free hit counter